000
00400nam a22001697a 4500
003
MPLRDC
005
20220104142532.0
008
210129b ||||| |||| 00| 0 eng d
082
_a
857.45419 YSA
100
_a
杨书案
245
_a
九月菊
_c
250
_a
一版一刷
260
_a
_b
长江文艺出版社
_c
1981
300
_b
平
650
_a
历史小说
942
_c
BK
_o
857.45419 YSA
999
_c
31666
_d
31656